| 000 | 00568 a2200169 4500 | ||
|---|---|---|---|
| 005 | 20250527102830.0 | ||
| 020 | _a978-0-470-15371-0 | ||
| 082 | _aLECT 657.044 HOS | ||
| 100 | _aHOSKIN, R. E. | ||
| 245 | _aFinancial Accounting: a user perspective. | ||
| 250 | _a5th Ed. | ||
| 260 |
_aCanada, _bJohn wiley & Sons, _c2008. |
||
| 300 |
_axvii, 854p.: ill.; figure, graph, picture, table. _bIndex, _c27cm. |
||
| 700 | _aFIZZELL, M. R. & CHERRY, D. C. | ||
| 856 |
_yAccess online book. _fFinancial Accounting: a user perspective. _dwww.wiley.ca |
||
| 942 |
_2ddc _cBKS |
||
| 999 |
_c2728 _d2728 |
||